Europe quarterly (Record no. 109539)

MARC details
000 -LEADER
fixed length control field 01101cad a22002295a 4500
001 - CONTROL NUMBER
control field E147403
008 - FIXED-LENGTH DATA ELEMENTS--GENERAL INFORMATION
fixed length control field 090508s2009 xxkad f s 000 0 eng d
035 ## - SYSTEM CONTROL NUMBER
System control number (Sirsi) u147403
041 0# - LANGUAGE CODE
Language code of text/sound track or separate title eng
050 04 - LIBRARY OF CONGRESS CALL NUMBER
Classification number 333.33 $2 18
110 2# - MAIN ENTRY--CORPORATE NAME
Corporate name or jurisdiction name as entry element Atisreal
9 (RLIN) 5337
245 00 - TITLE STATEMENT
Title Europe quarterly
Remainder of title investment market Q1 2009
Medium [electronic resource]
260 ## - PUBLICATION, DISTRIBUTION, ETC.
Place of publication, distribution, etc. [S.l.]
Name of publisher, distributor, etc. Atisreal
Date of publication, distribution, etc. 2008
490 #0 - SERIES STATEMENT
Series statement Atisreal Europe Quarterly Investment Market
Volume/sequential designation Quarter One 2009
520 ## - SUMMARY, ETC.
Summary, etc. Reports that European investment markets continued to slow down in Q1 2009, with the volume of investment standing at EURO 3.5bn in Q1 2009, compared with EURO 15.6bn a year ago. Amongst the 20 cities studied for the report, none saw an increase in investment volume when compared to Q1 2008, with falls ranging from -8% to -100%.
590 ## - LOCAL NOTE (RLIN)
Local note KA
650 24 - SUBJECT ADDED ENTRY--TOPICAL TERM
Topical term or geographic name entry element ATISREAL EUROPE QUARTERLY INVESTMENT MARKET
651 #4 - SUBJECT ADDED ENTRY--GEOGRAPHIC NAME
Geographic name Europe
690 ## - LOCAL SUBJECT ADDED ENTRY--TOPICAL TERM (OCLC, RLIN)
Topical term or geographic name as entry element PROPERTY-COMMERCIAL PROPERTY-COMMERCIAL PROPERTY MARKET
856 40 - ELECTRONIC LOCATION AND ACCESS
Uniform Resource Identifier <a href="https://www.atisreal.com/">https://www.atisreal.com/</a>
Public note View this report free of charge under market research at www.atisreal.com...
942 ## - ADDED ENTRY ELEMENTS (KOHA)
Suppress in OPAC 0
Holdings
Withdrawn status Lost status Source of classification or shelving scheme Damaged status Not for loan Home library Current library Shelving location Date acquired Total Checkouts Full call number Barcode Date last seen Copy number Price effective from Koha item type
    Dewey Decimal Classification     Virtual Virtual Online 08/05/2009   ONLINE PUBLICATION 147403-2001 06/08/2019 1 06/08/2019 Book